000
00294nam a22001217a 4500
008
260429b |||||||| |||| 00| 0 eng d
082
_a
001353
100
_a
Shyamacharan
245
_a
Panchatantra of Vishnusharma
260
_a
Delhi
_b
Motilal Banarasidass
_c
2019
300
_a
622p
942
_2
ddc
999
_c
1358
_d
1358